000 00696cam7a220024100 4500
001 lce00425016
008 710907s1970 nyu 000 0 eng
010 _a 78028056 //r86
020 _c
_0.95
035 _a(Sirsi) r46758
035 _a(DLC) 78028056 //r86
035 _a(UPRA)lce00425016
040 _dUPRA
050 0 _aBV4811
_b.A734
082 _a242
100 1 _aArmstrong, Richard, 1932-
_dArmstrong, Richard, 1932-
_6A4705.1
245 1 0 _aNow is the time /
_c[by] Richard Armstrong.
260 _aNew York :
_bThe Christophers,
_c[1970]
650 0 _aDevotional calendars.
_6S3313.1
949 _aBV4811
_wlcc
_mMAIN
_tBOOK
_lON-SHELF
004 46758
987 _aWITHDRAWN.
999 _c60794
_d60794